00694nam a2200229Ia 4500003000900000008004100009040001300050040001300063041000800076100001800084245005400102250001000156260002100166260000900187300001100196300001100207490001700218490000700235942000700242999001700249952019800266IT-RoPAU120407s9999 xx 000 0 und d aIT-RoPAU cIT-RoPAU aita aM. I. De Ruvo aLa figlia del Doge. Virginia Centurione Bracelli  aBari  aEdizioni Paoline c1963 a143 p. c17 cm a Gens sancta v84 cBK c25716d25716 00102ddc406922_13840000000000071aPAULUSbPAULUSd2012-04-11l0o922.1384r2012-04-11 00:00:00w2012-04-11yBKzInserito da: Mario In data: 06 agosto 2011 fondo: Via A.Severo 56 Progr:19452